Slovenský cestovný poriadok pre železničnú, automobilovú, paroplavebnú a leteckú dopravu

Bibliographic Details
Format: Book
Language:Undetermined
PhysicalDescription:243 s.
Published: Bratislava Riaditeľstvo Slovenských železníc 1939

MARC

LEADER 00000nam a2200000 a 4500
001 vtls001343380
003 SK-MaSNL
005 20260224064634.0
008 980929s1939 xx 0 und
035 |a SNK000296553 
040 |a SNK  |b slo  |c SNK  |e AACR2 
245 1 |a Slovenský cestovný poriadok pre železničnú, automobilovú, paroplavebnú a leteckú dopravu 
260 |a Bratislava  |b Riaditeľstvo Slovenských železníc  |c 1939 
300 |a 243 s. 
999 |c 891602  |d 893532 
952 |t P60, <03>, [BOOK], {603}  |a SNK  |b SNK  |y PREZ  |7 0  |p 17A0163120  |o snkOSD 6808  |0 0  |1 0  |4 0  |d 1998-09-29  |l 0  |r 2005-01-02 00:00:00  |w 2026-02-24